| 000 | 00000nas##2200000za#4500 |
| 001 | 9.505881 |
| 003 | CaOODSP |
| 005 | 20210705115226 |
| 007 | cr ||||||||||| |
| 008 | 150406c2002||||xxc|| p o||||f| |0eng|d |
| 022 | |a1912-0257 |
| 040 | |aCaOODSP|beng |
| 043 | |an-cn--- |
| 086 | 1 |aH115-18E-PDF |
| 110 | 1 |aCanada. |bCanadian Institute for Health Information. |
| 245 | 10|aWorkforce trends of registered nurses in Canada |h[electronic resource] |
| 246 | 3 |aRNDB - Registered Nurses Database |
| 260 | |aOttawa - Ontario : |bCanadian Institute for Health Information |
| 310 | |aAnnual |
| 362 | 1 |a2002-[2006] |
| 520 | 3 |aThis publication is a reference document which can be used to support registered nursing research and planning. This report builds on the Registered Nurses Management Data publication (Catalogue No. 83F0005XPB) previously produced by Statistics Canada. |
| 690 | 07|aHealth care|2gcpds |
| 775 | 08|tTendances de la main-d'oeuvre des infirmières et infirmiers autorisés au Canada.|w(CaOODSP)9.502284 |